Study of marketing of insurance schemes in Rrural areas with special focus on farmers and women / (Record no. 27153)
[ view plain ]
| 000 -LEADER | |
|---|---|
| fixed length control field | 00557nam a2200157Ia 4500 |
| 041 ## - LANGUAGE CODE | |
| Language code of text/sound track or separate title | English |
| 082 ## - DEWEY DECIMAL CLASSIFICATION NUMBER | |
| Classification number | RR.0304 |
| 100 ## - MAIN ENTRY--AUTHOR NAME | |
| Personal name | Ramakrishnan, Lalitha |
| Affiliation | Pondicherry University |
| Place | Pondicherry |
| 245 #0 - TITLE STATEMENT | |
| Title | Study of marketing of insurance schemes in Rrural areas with special focus on farmers and women / |
| Statement of responsibility, etc | Lalitha Ramakrishnan |
| 260 ## - PUBLICATION, DISTRIBUTION, ETC. (IMPRINT) | |
| Place of publication | New Delhi : |
| Name of publisher/Sponsor | Indian Council of Social Science Research, |
| Year of publication | 2014 |
| 300 ## - PHYSICAL DESCRIPTION | |
| Number of Pages | 229p. |
| 536 ## - FUNDING INFORMATION NOTE | |
| Funding Agency | Indian Council of Social Science Research |
| 650 ## - SUBJECT ADDED ENTRY--TOPICAL TERM | |
| Topical Term | Farm life |
| 650 ## - SUBJECT ADDED ENTRY--TOPICAL TERM | |
| Topical Term | Insurance schemes |
| 942 ## - ADDED ENTRY ELEMENTS (KOHA) | |
| Source of classification or shelving scheme | Dewey Decimal Classification |
| Koha item type | Books |
| Withdrawn status | Lost status | Damaged status | Not for loan | Collection code | Home library | Current library | Date acquired | Source of acquisition | Full call number | Accession Number | Koha item type |
|---|---|---|---|---|---|---|---|---|---|---|---|
| Not For Loan | ICSSR Research Project Reports | NASSDOC Library | NASSDOC Library | 29/11/2021 | Gifted by: RP Division ICSSR | RR.0303 | 51785 | Research Reports |
